Famous NASCAR Drivers - Statistics

General Stats
  • This quiz has been taken 27 times
    10 since last reset
  • The average score is 13 of 23
Answer Stats
Hint Answer % Correct
3 Dale Earnhardt
100%
24 Jeff Gordon
100%
48 Jimmie Johnson
100%
43 Richard Petty
100%
2 Rusty Wallace
100%
9 Bill Elliott
83%
18 Bobby Labonte
83%
9 Chase Elliott
83%
4 Kevin Harvick
67%
18 Kyle Busch
67%
5 Kyle Larson
67%
17 Matt Kenseth
67%
14 Tony Stewart
67%
12 Bobby Allison
50%
21 David Pearson
50%
22 Joey Logano
50%
19 Cale Yarborough
33%
88 Dale Earnhardt Jr
33%
99 Carl Edwards
0%
44 Dale Jarett
0%
28 Davey Allison
0%
21 Jeff Burton
0%
1 Ross Chastain
0%
No matching quizzes found
Score Distribution
Percent of People with Each Score
Percentile by Number Answered
Your Score History
You have not taken this quiz since the last reset